Nyelvünk eredetének lehetőségei az elmélet és gyakorlat tükrében

Elmentve itt :
Bibliográfiai részletek
Szerző: Kovács-Németh Henriett
További közreműködők: Dolovai Dorottya (Témavezető)
Dokumentumtípus: Szakdolgozat
Megjelent: 2005
Tárgyszavak:
Online Access:http://diploma.bibl.u-szeged.hu/44872
LEADER 00602nta a2200157 i 4500
001 dipl44872
005 20141008152742.0
008 141008s2005 hu om 0|| zxx d
040 |a SZTE Diploma Repozitórium  |b hun 
041 |a zxx 
100 2 |a Kovács-Németh Henriett 
245 1 0 |a Nyelvünk eredetének lehetőségei az elmélet és gyakorlat tükrében  |h [elektronikus dokumentum] /  |c Henriett Kovács-Németh 
260 |c 2005 
650 4 |a Bölcsészettudományok 
700 1 |a Dolovai Dorottya  |e ths 
856 4 0 |u http://diploma.bibl.u-szeged.hu/id/eprint/44872/1/2005_kovacs_nemeth_henriett.pdf  |z Dokumentum-elérés